Hybridný motocykel (The hybrid motorcycle) [CD-ROM] : Bakalárska práca

Na minha lista:
Detalhes bibliográficos
Autor principal: Marušinová, Jana, 1986- (Author)
Outros Autores: Vlnka, Ján, 1953- (xxx)
Formato: Manuscrito Livro
Idioma:eslovaco
Publicado em: Bratislava : STU v Bratislave SjF, 2008
Assuntos:
Tags: Adicionar Tag
Sem tags, seja o primeiro a adicionar uma tag!

MARC

LEADER 00000ntm a22000003a 4500
001 stu179617
005 20150617230045.4
008 090210s2008----xo------------------slo-d
040 |a STU  |b slo 
041 0 |a slo 
044 |a xo 
100 1 |a Marušinová, Jana,  |d 1986-  |4 aut  |u J0030  |9 10  |U SjF Strojnícka fakulta  |T SjF Ústav dopravnej techniky a konštruovania  |X 23118  |U J0030  |Y 806  |7 A000023118 
245 1 |a Hybridný motocykel (The hybrid motorcycle) [CD-ROM] :  |b Bakalárska práca 
260 |a Bratislava :  |b STU v Bratislave SjF,  |c 2008 
300 |a 43 s 
650 7 |a palivový článok  |2 stusub 
650 7 |a elektromotor  |2 stusub 
650 7 |a akumulátory  |2 stusub 
650 7 |a The fuel cell  |2 estusub 
650 7 |a the electric motor  |2 estusub 
700 1 |a Vlnka, Ján,  |d 1953-  |4 xxx  |u J0020  |U SjF Strojnícka fakulta  |T SjF Ústav automatizácie, merania a aplikovanej informatiky  |X 2405  |U J0020  |Y 802  |7 A000002405 
700 1 |a Kamenský, Miroslav  |4 csl  |u J0020  |U SjF Strojnícka fakulta  |T SjF Ústav automatizácie, merania a aplikovanej informatiky  |U J0020  |Y 802 
996 |b 284J035248  |c J*248/BP  |l JJSK  |s A  |a 24  |w stu179617_0001